书目信息 |
| 题名: |
翡翠:玉石之冠
|
|
| 作者: | 潘建强 编著 | |
| 分册: | ||
| 出版信息: | 北京 地质出版社 1999.01 |
|
| 页数: | 117页 | |
| 开本: | 32开 | |
| 丛书名: | ||
| 单 册: | ||
| 中图分类: | TS934.3 | |
| 科图分类: | ||
| 主题词: | 金属--工艺美术--作品--生产工艺 | |
| 电子资源: | ||
| ISBN: | 7-116-02480-8 | |
| 000 | 00575nam0 2200193 45 | |
| 001 | 0011171500 | |
| 005 | 20001117155708.4 | |
| 010 | @a7-116-02480-8@d17.80元 | |
| 100 | @a20001117d1999 km y0chiy0120 ea | |
| 101 | 0 | @achi |
| 105 | @a z 000yy | |
| 200 | 1 | @a翡翠:玉石之冠@AFei Cui:Yu Shi Zhi Guan@f潘建强等编著@FPan Jian Qiang Deng Bian Zhu |
| 210 | @a北京@c地质出版社@d1999.01 | |
| 215 | @a117页@d32开 | |
| 606 | 0 | @a金属@x工艺美术@x作品@x生产工艺 |
| 690 | @aTS934.3@v3 | |
| 701 | 0 | @a潘建强@4编著 |
| 801 | @aCN@bPftUser@c20001117 | |
| 905 | @b411614-616@dTS934.3@eP681@f3 | |
| 翡翠:玉石之冠/潘建强等编著.-北京:地质出版社,1999.01 |
| 117页;32开 |
| ISBN 7-116-02480-8:17.80元 |
| ● |
| 相关链接 |
|
|
|
正题名:翡翠:玉石之冠
索取号:TS934.3/P681
 
预约/预借
| 序号 | 登录号 | 条形码 | 馆藏地/架位号 | 状态 | 备注 |
| 1 | 411614 | 204116143 | 自科库501/501自科库 43排6列4层/ [索取号:TS934.3/P681] | 在馆 | |
| 2 | 411615 | 204116152 | 自科库501/501自科库 43排6列4层/ [索取号:TS934.3/P681] | 在馆 | |
| 3 | 411616 | 204116161 | 期刊室512/501自科库 43排6列4层/ [索取号:TS934.3/P681] | 在馆 |